header

Shadow tribe (Record no. 116081)

MARC details
000 -LEADER
fixed length control field 02088nam a2200409 a 4500
082 04 - DEWEY DECIMAL CLASSIFICATION NUMBER
Classification number 323.11970797
100 1# - MAIN ENTRY--AUTHOR NAME
Personal name Fisher, Andrew H.
245 10 - TITLE STATEMENT
Title Shadow tribe
260 ## - PUBLICATION, DISTRIBUTION, ETC. (IMPRINT)
Place of publication Seattle :
Name of publisher Center for the Study of the Pacific Northwest in association with University of Washington Press,
Year of publication c2010.
300 ## - PHYSICAL DESCRIPTION
Number of Pages xi, 337 p., [16] p. of plates :
Other physical details ill., maps.
490 1# - SERIES STATEMENT
Series statement The Emil and Kathleen Sick lecture-book series in western history and biography
505 0# - FORMATTED CONTENTS NOTE
Formatted contents note Introduction -- People of the river -- Making treaties, making tribes -- They mean to be Indian always -- Places of persistence -- Spaces of resistance -- Home folk -- Submergence and resurgence.
650 #0 - SUBJECT ADDED ENTRY--TOPICAL TERM
Topical Term Indians of North America
Topical Term Indians of North America
Topical Term Indians of North America
Topical Term Tribal government
856 40 - ELECTRONIC LOCATION AND ACCESS
Uniform Resource Identifier http://site.ebrary.com/lib/rucke/Doc?id=10477163

No items available.

© 2026 Rongo University
Contact us: librarian | system librarian | Rongo university